Name a Valid Beatles Song - Statistics

General Stats
  • This quiz has been taken 1,498 times
  • The average score is 10 of 15
Answer Stats
Name a Beatles song... Answer % Correct
which shares its name with a Beatles album A Hard Day's Night | Help! | Sgt. Pepper's Lonely Hearts Club Band | Yellow Submarine | Let It Be | Magical Mystery Tour | ...
96%
whose name contains the word "love" All You Need Is Love | And I Love Her | Can't Buy Me Love | It's Only Love | Love Me Do | Love You To | P.S. I Love You | She Loves You | Words of Love | ...
96%
whose name contains a personal first or last name Anna (Go to Him) | The Ballad of John and Yoko | Being for the Benefit of Mr. Kite! | The Continuing Story of Bungalow Bill | Dear Prudence | ...
93%
which peaked at number 1 on the Billboard Hot 100 All You Need is Love | Can't Buy Me Love | Come Together | Eight Days a Week | Get Back | A Hard Day's Night | Hello, Goodbye | Help! | Hey Jude | ...
86%
whose name contains a non-human animal And Your Bird Can Sing | Being for the Benefit of Mr. Kite! | Blackbird | Blue Jay Way | Dig a Pony | ...
86%
whose name contains an exclamation point Being for the Benefit of Mr. Kite! | Help! | Kansas City/Hey-Hey-Hey-Hey! | Oh! Darling
79%
which was written (only) by Ringo Starr Don't Pass Me By | Octopus's Garden
72%
whose name contains the word "dig" Dig a Pony | Dig It
67%
whose name contains a parenthetical subtitle Anna (Go to Him) | I Want You (She's So Heavy) | Money (That's What I Want) | Norwegian Wood (This Bird Has Flown) | ...
66%
which was not written by any Beatle Act Naturally | Anna (Go to Him) | Baby It's You | Bad Boy | Boys | Chains | Devil in Her Heart | Dizzy Miss Lizzy | Everybody's Trying to Be My Baby | Honey Don't | ...
62%
which feature sitar The Inner Light | Love You To | Norwegian Wood (This Bird has Flown) | Tomorrow Never Knows | Within You Without You
60%
which was released before 1963 Love Me Do | P.S. I Love You
58%
which is originally from the album Yellow Submarine All Together Now | Hey Bulldog | It's All Too Much | Only a Northern Song
38%
whose name begins with the letter "k" Kansas City/Hey-Hey-Hey-Hey! | Komm, gib mir deine Hand
38%
on which all four Beatles have a songwriting credit Dig It | Flying | Maggie Mae
19%
No matching quizzes found
Score Distribution
Percent of People with Each Score
Percentile by Number Answered
Your Score History
You have not taken this quiz